Statistics for Top 100 Most Valuable Football Players 2020

Click here to take the quiz!

General Stats

  • This quiz has been taken 396 times
  • The average score is 52 of 100

Answer Stats

Rank #NationalityValuePlayer% Correct
6England€120.00mKane
97%
1France€180.00mMbappé
97%
3Brazil€128.00mNeymar
96%
5Egypt€120.00mSalah
96%
9Argentina€112.00mMessi
95%
4Senegal€120.00mMané
94%
7Belgium€120.00mDe Bruyne
92%
48Portugal€60.00mRonaldo
91%
22Norway€72.00mHaaland
82%
2England€128.00mSterling
82%
17Netherlands€80.00mvan Dijk
81%
20Belgium€80.00mHazard
80%
18France€80.00mPogba
79%
42South Korea€64.00mSon
78%
60Poland€56.00mLewandowski
77%
30Belgium€68.00mLukaku
77%
10England€99.00mAlexander-Arnold
74%
14Portugal€80.00mBernardo Silva
74%
11France€96.00mGriezmann
74%
37England€64.00mRashford
74%
23Netherlands€72.00mde Jong
73%
8England€117.00mSancho
73%
38Scotland€64.00mRobertson
71%
32Netherlands€67.50mde Ligt
70%
19Slovenia€80.00mOblak
70%
16Germany€80.00mSané
70%
15France€80.00mKanté
69%
21Germany€75.00mKimmich
68%
59Gabon€56.00mAubameyang
67%
12Portugal€81.00mJoao Félix
67%
33Austria€65.00mAlaba
65%
44Canada€60.00mDavies
64%
31Denmark€68.00mEriksen
62%
63USA€54.00mPulisic
62%
24Argentina€72.00mDybala
59%
25Germany€72.00mGnabry
59%
56England€56.00mMaguire
59%
40Germany€64.00mWerner
59%
27Brazil€72.00mFirmino
58%
84Algeria€48.00mMahrez
58%
28Brazil€72.00mAlisson
57%
51France€56.00mDembélé
57%
13Germany€81.00mHavertz
57%
93Germany€48.00mKroos
57%
41France€64.00mVarane
55%
70Argentina€52.00mAgüero
54%
80Portugal€48.00mFernandes
54%
69Bosnia€52.00mPjanic
53%
89Belgium€48.00mCourtois
52%
35Spain€64.00mRodri
52%
57Senegal€56.00mKoulibaly
51%
54Brazil€56.00mEderson
50%
61Morocco€54.00mHakimi
50%
34Argentina€64.00mMartínez
50%
39England€64.00mDele Alli
49%
58Brazil€56.00mCoutinho
48%
43Brazil€64.00mCasemiro
47%
49Brazil€56.00mJesus
47%
52France€56.00mL.Hernández
44%
29Germany€72.00mter Stegen
44%
67Brazil€52.00mMarquinhos
43%
97Brazil€45.00mVinícius Júnior
43%
45France€60.00mLaporte
42%
71Germany€50.00mGoretzka
41%
83France€48.00mMartial
40%
99Norway€45.00mÖdegaard
39%
66Ivory Coast€52.00mPépé
39%
62Uruguay€54.00mValverde
38%
53Uruguay€56.00mGiménez
37%
46Italy€60.00mVerratti
37%
55Brazil€56.00mFabinho
36%
94Brazil€45.00mRodrygo
35%
81Slovakia€48.00mSkriniar
35%
74Italy€49.50mDonnarumma
34%
47Argentina€60.00mIcardi
33%
87Italy€48.00mInsigne
33%
36Serbia€64.00mMilinković-Savić
33%
92Spain€48.00mThiago
33%
91Spain€48.00mKoke
32%
85Germany€48.00mSüle
32%
95Spain€45.00mFerran Torres
31%
90France€48.00mLacazette
31%
73England€49.50mRice
30%
26Spain€72.00mSaúl Ñíguez
28%
50Brazil€56.00mArthur
27%
68Italy€52.00mJorginho
27%
77Colombia€48.00mSánchez
27%
100Netherlands€44.00mvan de Beek
27%
78Italy€48.00mChiesa
26%
65Brazil€52.00mRicharlison
24%
98France€45.00mUpamecano
24%
82France€48.00mLenglet
22%
86Croatia€48.00mBrozovic
17%
88Netherlands€48.00mde Vrij
17%
79England€48.00mMaddison
16%
64France€52.00mNdombélé
15%
75Spain€48.00mOyarzabal
14%
72France€49.50mAouar
13%
76Spain€48.00mFabián Ruiz
9%
96Italy€45.00mZaniolo
9%

Score Distribution

Percentile by Number Answered

Percent of People with Each Score

Your Score History

You have not taken this quiz